Statistics for Random Subdivision Flags of the World

Click here to take the quiz!

General Stats

  • This quiz has been taken 124 times
  • The average score is 9 of 15

Answer Stats

Answer% Correct
England
100%
Hawaii
100%
Hong Kong
100%
Puerto Rico
100%
Scotland
100%
Wales
100%
Greenland
93%
New Mexico
90%
Kurdistan
88%
Texas
88%
Basque Country
85%
California
83%
Faroe Islands
83%
Isle of Man
83%
Quebec
83%
Åland
80%
Azores
80%
Sint Maarten
80%
Arizona
78%
New Caledonia
78%
Colorado
75%
Gibraltar
75%
Tokyo
75%
Niue
73%
Normandy
71%
Alaska
67%
American Samoa
67%
Berlin
67%
Cook Islands
67%
Somaliland
67%
Brittany
63%
Corsica
63%
Maryland
63%
Nova Scotia
63%
Bougainville
60%
French Polynesia
60%
São Paulo
60%
Macau
57%
Cocos Islands
56%
Moscow
56%
Christmas Island
55%
Sardinia
55%
Georgia
54%
Kuala Lumpur
50%
Norfolk Island
50%
Nunavut
50%
Tokelau
50%
Aruba
44%
Bavaria
43%
Friesland
43%
Northern Mariana Islands
43%
Sakha
43%
Canary Islands
42%
Madeira
40%
Northern Territory
40%
Hamburg
38%
Bern
33%
Bonaire
33%
British Columbia
33%
Curaçao
33%
Falkland Islands
33%
Hokkaido
33%
Johor
33%
Victoria
33%
Castile and León
29%
Flanders
25%
Galicia
25%
Geneva
25%
Cornwall
22%
Tierra del Fuego
20%
Newfoundland and Labrador
18%
Lombardy
17%
Sicily
14%
South Georgia and the South Sandwich Islands
10%
Easter Island
0%
Giza
0%
Wallonia
0%

Score Distribution

Percentile by Number Answered

Percent of People with Each Score

Your Score History

You have not taken this quiz